Liquid Versions of Things #1 - Statistics

General Stats
  • This quiz has been taken 47 times
    3 since last reset
  • The average score is 5 of 10
Answer Stats
Hint Answer % Correct
Lemon Lemonade
100%
Fruits Smoothie
100%
Ice Water
100%
Rock Lava / Magma
67%
Sugar Caramel
33%
Chocolate Chocolate Milk
33%
Sand Hot Glass
33%
Brick Clay
0%
Chicken Egg White
0%
Leaves Tea
0%
No matching quizzes found
Score Distribution
Percent of People with Each Score
Percentile by Number Answered
Your Score History
You have not taken this quiz since the last reset